[Event "MGL-ch (Women) 49th"]
[Site "Dadal"]
[Date "2017.03.19"]
[Round "4"]
[White "Lkhamsuren, Uuganbayar"]
[Black "Bayarmaa, Gendenjamc"]
[Result "1-0"]
[WhiteElo "2189"]
[BlackElo "1941"]
[PlyCount "133"]
[EventDate "2017.03.17"]
[EventType "tourn"]
[EventRounds "11"]
[EventCountry "MGL"]
[SourceTitle "CBM 177 Extra"]
[Source "ChessBase"]
[SourceDate "2017.04.27"]
[SourceVersion "1"]
[SourceVersionDate "2017.04.27"]
[SourceQuality "1"]

1. d4 d5 2. c4 e6 3. Nf3 Nf6 4. g3 b6 5. Bg2 Bb7 6. Ne5 Bb4+ 7. Nc3 0-0 8. 0-0 Bxc3 9. bxc3 h6 10. cxd5 exd5 11. c4 c6 12. cxd5 cxd5 13. Ba3 Re8 14. Rc1 Nfd7 15. Nc4 Re6 16. Nd6 Rxd6 17. Bxd6 Nf6 18. Bc7 Qe7 19. Be5 Na6 20. Qa4 Ne4 21. Rc2 f6 22. Bf4 g5 23. Bc1 Rd8 24. Ba3 Qe6 25. Rfc1 h5 26. Qb3 Rd7 27. Bxe4 Qxe4 28. Qf3 Qg6 29. Qe3 Qf7 30. Rc8+ Bxc8 31. Rxc8+ Kg7 32. Bf8+ Kg8 33. Bh6+ Kh7 34. Qd3+ f5 35. Bxg5 Nc7 36. Bf4 Ne6 37. Be5 Rd8 38. Rc6 Rg8 39. Qf3 Ng5 40. Qb3 Rd8 41. Rf6 Qd7 42. Rd6 Qe7 43. Qxd5 Rxd6 44. Qxd6 Qxd6 45. Bxd6 Ne4 46. Bb8 a6 47. Bc7 b5 48. Ba5 Kg6 49. f3 Nf6 50. Kf2 Kf7 51. Ke3 Ke6 52. Kd3 Kd7 53. e4 fxe4+ 54. fxe4 Ng4 55. h4 Nf2+ 56. Ke3 Nd1+ 57. Kf4 Nb2 58. g4 hxg4 59. h5 Ke8 60. d5 Nc4 61. Bc3 Kf7 62. Kxg4 a5 63. Kg5 b4 64. Bd4 Nd2 65. Kf5 Nf3 66. Bf6 a4 67. h6 1-0

[Event "MGL-ch (Women) 49th"]
[Site "Dadal"]
[Date "2017.03.18"]
[Round "2"]
[White "Bayarmaa, Gendenjamc"]
[Black "Ankhchimeg, Bayanmunkh"]
[Result "0-1"]
[WhiteElo "1941"]
[BlackElo "2156"]
[PlyCount "62"]
[EventDate "2017.03.17"]
[EventType "tourn"]
[EventRounds "11"]
[EventCountry "MGL"]
[SourceTitle "CBM 177 Extra"]
[Source "ChessBase"]
[SourceDate "2017.04.27"]
[SourceVersion "1"]
[SourceVersionDate "2017.04.27"]
[SourceQuality "1"]

1. d4 Nf6 2. Nf3 e6 3. Bg5 d5 4. Bxf6 Qxf6 5. c3 c5 6. e3 Bd6 7. Bd3 Nd7 8. Nbd2 0-0 9. 0-0 e5 10. dxe5 Nxe5 11. Nxe5 Bxe5 12. f4 Bc7 13. Qh5 g6 14. Qg5 Qxg5 15. fxg5 c4 16. Bc2 Bb6 17. Rae1 Re8 18. Kf2 Bd8 19. h4 f6 20. gxf6 Bxf6 21. g3 Bh3 22. Rh1 Bg4 23. Kg2 b5 24. Rhf1 Bg7 25. a3 Bh6 26. Rf6 Bxe3 27. Nf3 Kg7 28. Rc6 Bb6 29. Ne5 Re7 30. Bxg6 Rf8 31. Nxg4 Rxe1 0-1

[Event "WchT Seniors 50"]
[Site "Radebeul"]
[Date "2016.07.03"]
[Round "8.25"]
[White "Rorvik, Jon Fredrik"]
[Black "Bayarmaa, Gendenjamc"]
[Result "1-0"]
[WhiteElo "2145"]
[BlackElo "1929"]
[PlyCount "89"]
[EventDate "2016.06.26"]
[EventType "team-swiss"]
[EventRounds "9"]
[EventCountry "GER"]
[SourceTitle "CBM 173 Extra"]
[Source "ChessBase"]
[SourceDate "2016.08.29"]
[SourceVersion "1"]
[SourceVersionDate "2016.08.29"]
[SourceQuality "1"]
[WhiteTeam "Norway Mix"]
[BlackTeam "Mongolia (Women)"]
[WhiteTeamCountry "NOR"]
[BlackTeamCountry "MGL"]

1. c4 e6 2. g3 d5 3. Bg2 f5 4. Nf3 Nf6 5. 0-0 Be7 6. b3 0-0 7. Bb2 c6 8. d3 Na6 9. Nbd2 Qe8 10. Ne5 Qh5 11. e3 Qxd1 12. Rfxd1 Rd8 13. Ndf3 h6 14. Rac1 Bd6 15. Bc3 Kf8 16. Rb1 Bd7 17. Nxd7+ Rxd7 18. d4 Ne4 19. Be1 Bb4 20. Ne5 Rc7 21. Rb2 Ba3 22. Re2 Rd8 23. f3 Nf6 24. c5 b6 25. Nd3 Rb8 26. cxb6 axb6 27. g4 Bd6 28. h3 g6 29. e4 dxe4 30. fxe4 fxe4 31. Bxe4 Kf7 32. Bg2 c5 33. Ne5+ Kg7 34. Nc4 Bf4 35. Rxe6 Rd7 36. d5 Re8 37. Rxb6 Nc7 38. Bc3 Rf8 39. a4 Nce8 40. a5 Rff7 41. Ne5 Bxe5 42. Bxe5 Rfe7 43. Ba1 Rd6 44. Rxd6 Nxd6 45. Rf1 1-0

[Event "WchT Seniors 50"]
[Site "Radebeul"]
[Date "2016.06.28"]
[Round "3.1"]
[White "Simon, Ralf Axel"]
[Black "Bayarmaa, Gendenjamc"]
[Result "1-0"]
[WhiteElo "2113"]
[BlackElo "1929"]
[PlyCount "52"]
[EventDate "2016.06.26"]
[EventType "team-swiss"]
[EventRounds "9"]
[EventCountry "GER"]
[SourceTitle "CBM 173 Extra"]
[Source "ChessBase"]
[SourceDate "2016.08.29"]
[SourceVersion "1"]
[SourceVersionDate "2016.08.29"]
[SourceQuality "1"]
[WhiteTeam "Hannover"]
[BlackTeam "Mongolia (Women)"]
[WhiteTeamCountry "GER"]
[BlackTeamCountry "MGL"]

1. Nf3 d5 2. d4 e6 3. c4 f5 4. Nc3 Nf6 5. Bf4 c6 6. e3 Be7 7. Qc2 Nbd7 8. cxd5 Nxd5 9. Nxd5 cxd5 10. Bd3 Bb4+ 11. Ke2 0-0 12. Rhc1 Nf6 13. a3 Bd6 14. Bxd6 Qxd6 15. Qc7 Qxc7 16. Rxc7 Rf7 17. Rxf7 Kxf7 18. Rc1 Ne8 19. Bb5 Nd6 20. Rc7+ Kf8 21. Bd7 b6 22. Ng5 Bxd7 23. Rxd7 Nc4 24. Nxe6+ Kg8 25. Nxg7 Nxb2 26. Nxf5 Nc4 1-0

[Event "ASEAN-ch Seniors 50+"]
[Site "Taipa"]
[Date "2014.06.04"]
[Round "1"]
[White "Wong, Meng Kong"]
[Black "Bayarmaa, Gendenjamc"]
[Result "1-0"]
[WhiteElo "2267"]
[BlackElo "1944"]
[PlyCount "73"]
[EventDate "2014.06.04"]
[EventType "swiss"]
[EventRounds "7"]
[EventCountry "MAC"]
[SourceTitle "EXT 2018"]
[Source "ChessBase"]
[SourceDate "2017.10.13"]
[SourceVersion "1"]
[SourceVersionDate "2017.10.13"]
[SourceQuality "1"]

1. e4 e5 2. Nc3 Nc6 3. g3 Nf6 4. Bg2 g6 5. Nge2 Bg7 6. 0-0 0-0 7. d3 d6 8. f4 Bd7 9. h3 h5 10. fxe5 Nh7 11. exd6 cxd6 12. Nd5 Ne7 13. Ndf4 Rc8 14. c3 b6 15. Kh2 Bc6 16. Qb3 Qd7 17. a4 Rfd8 18. Be3 d5 19. Nd4 Ba8 20. a5 dxe4 21. axb6 axb6 22. Rxa8 Rxa8 23. Bxe4 Ra5 24. Nxg6 Nxg6 25. Bxg6 Bxd4 26. Bxh7+ Kxh7 27. Bxd4 Rb5 28. Qc2 h4 29. Be5 hxg3+ 30. Bxg3 Rh5 31. d4+ Kg8 32. Qg2 Rg5 33. Qf3 f5 34. Be5 f4 35. Bxf4 Rg6 36. Rf2 Re8 37. Be5 1-0

[Event "MGL-ch (Women) 45th"]
[Site "Ulaanbaatar"]
[Date "2013.04.13"]
[Round "11"]
[White "Sarantungalag, Sengeebaatar"]
[Black "Bayarmaa, Gendenjamc"]
[Result "1-0"]
[WhiteElo "1943"]
[BlackElo "1964"]
[PlyCount "75"]
[EventDate "2013.04.06"]
[EventType "tourn"]
[EventRounds "13"]
[EventCountry "MGL"]
[SourceTitle "CBM 153 Extra"]
[Source "ChessBase"]
[SourceDate "2013.04.22"]
[SourceVersion "1"]
[SourceVersionDate "2013.04.22"]
[SourceQuality "1"]

1. e4 e5 2. Nf3 Nc6 3. Bb5 a6 4. Ba4 d6 5. c3 Bg4 6. d4 b5 7. Bb3 Be7 8. h3 Bxf3 9. Qxf3 Nf6 10. Be3 Na5 11. Bc2 0-0 12. 0-0 Re8 13. Qg3 Bf8 14. Bg5 Qe7 15. f4 Nh5 16. Qg4 f6 17. fxe5 dxe5 18. Bh4 g6 19. Nd2 c5 20. dxe5 Qxe5 21. Rf5 Qd6 22. Nb3 Nxb3 23. Bxb3+ c4 24. Bc2 Bg7 25. Rd5 Qe6 26. Qf3 Qf7 27. Rf1 Ra7 28. Bf2 g5 29. Bxa7 Qxa7+ 30. Qf2 Qc7 31. Rfd1 Bf8 32. Rd7 Qe5 33. R1d5 Qe6 34. e5 Rc8 35. Bxh7+ Kh8 36. Bf5 Qe8 37. Rh7+ Kg8 38. Rxh5 1-0

[Event "MGL-ch (Women) 45th"]
[Site "Ulaanbaatar"]
[Date "2013.04.08"]
[Round "5"]
[White "Bilegjargal, Bayasgalan"]
[Black "Bayarmaa, Gendenjamc"]
[Result "0-1"]
[WhiteElo "1876"]
[BlackElo "1964"]
[PlyCount "60"]
[EventDate "2013.04.06"]
[EventType "tourn"]
[EventRounds "13"]
[EventCountry "MGL"]
[SourceTitle "CBM 153 Extra"]
[Source "ChessBase"]
[SourceDate "2013.04.22"]
[SourceVersion "1"]
[SourceVersionDate "2013.04.22"]
[SourceQuality "1"]

1. d4 d5 2. c4 e6 3. Nf3 Nf6 4. Bg5 Nbd7 5. a3 c6 6. Nc3 Be7 7. e3 h6 8. Bh4 0-0 9. Bd3 Re8 10. 0-0 b6 11. Re1 Bb7 12. Qe2 Ne4 13. Nxe4 dxe4 14. Bxe7 exd3 15. Bxd8 dxe2 16. Bh4 Ba6 17. Nd2 e5 18. dxe5 Nxe5 19. b3 Nd3 20. Rxe2 b5 21. Bg3 f5 22. cxb5 Bxb5 23. Nc4 f4 24. Rd1 Rab8 25. Nd6 fxg3 26. Nxb5 Nxf2 27. Rd7 Rxb5 28. hxg3 Ne4 29. Rc2 Rxb3 30. Kh2 Nf2 0-1

[Event "MGL-ch (Women) 45th"]
[Site "Ulaanbaatar"]
[Date "2013.04.06"]
[Round "2"]
[White "Bayarmaa, Gendenjamc"]
[Black "Battsengel, Shirchin"]
[Result "1-0"]
[WhiteElo "1964"]
[BlackElo "2031"]
[PlyCount "105"]
[EventDate "2013.04.06"]
[EventType "tourn"]
[EventRounds "13"]
[EventCountry "MGL"]
[SourceTitle "CBM 153 Extra"]
[Source "ChessBase"]
[SourceDate "2013.04.22"]
[SourceVersion "1"]
[SourceVersionDate "2013.04.22"]
[SourceQuality "1"]

1. d4 Nf6 2. Nf3 d5 3. c3 Bf5 4. Bf4 e6 5. e3 c5 6. Qb3 Qb6 7. Qxb6 axb6 8. Bb5+ Nc6 9. Nbd2 Nd7 10. Ne5 Ndxe5 11. Bxe5 Rc8 12. Bg3 Be7 13. 0-0 0-0 14. Nf3 Na7 15. Be2 c4 16. Nd2 b5 17. a3 Nc6 18. f3 f6 19. e4 Bg6 20. Rae1 Rcd8 21. h3 Bd6 22. Bxd6 Rxd6 23. g4 h6 24. h4 Be8 25. f4 f5 26. exd5 exd5 27. g5 hxg5 28. hxg5 Bf7 29. Bf3 Re8 30. Kf2 Rxe1 31. Rxe1 g6 32. Bg2 Kf8 33. Rh1 Kg7 34. Nf3 Rd8 35. Rd1 Ne7 36. Ne5 Bg8 37. Nf3 Nc6 38. Re1 Rd7 39. Ne5 Re7 40. Ra1 Re8 41. Nd7 Rd8 42. Nf6 Bf7 43. Rh1 Rh8 44. Rxh8 Kxh8 45. Nxd5 Bxd5 46. Bxd5 Nd8 47. a4 bxa4 48. Bxc4 Kg7 49. Ke3 Kf8 50. Bb5 a3 51. bxa3 Ne6 52. c4 Ke7 53. c5 1-0

[Event "MGL-ch (Women) 45th"]
[Site "Ulaanbaatar"]
[Date "2013.04.06"]
[Round "1"]
[White "Munkhchuluun, Tsegmed"]
[Black "Bayarmaa, Gendenjamc"]
[Result "0-1"]
[WhiteElo "2047"]
[BlackElo "1964"]
[PlyCount "112"]
[EventDate "2013.04.06"]
[EventType "tourn"]
[EventRounds "13"]
[EventCountry "MGL"]
[SourceTitle "CBM 153 Extra"]
[Source "ChessBase"]
[SourceDate "2013.04.22"]
[SourceVersion "1"]
[SourceVersionDate "2013.04.22"]
[SourceQuality "1"]

1. d4 d5 2. c4 e6 3. Nf3 Nf6 4. Nc3 c6 5. cxd5 exd5 6. Bg5 Bf5 7. e3 h6 8. Bf4 Bd6 9. Ne5 Qe7 10. Qb3 0-0 11. Be2 Ne4 12. 0-0 Nd2 13. Qa4 Nxf1 14. Bxf1 Nd7 15. Nd3 Bxf4 16. Nxf4 Nf6 17. Qd1 Ne4 18. g4 Qg5 19. Nxe4 Bxe4 20. h3 Rae8 21. Kh2 Bh7 22. Be2 Qh4 23. Qe1 f5 24. Ng2 Qf6 25. f3 f4 26. Qb4 fxe3 27. Rc1 Re7 28. a4 Rfe8 29. Qc5 a6 30. b4 Rd8 31. Kg3 Qd6+ 32. Qxd6 Rxd6 33. Rc3 Rde6 34. Nf4 Rf6 35. Ng2 g5 36. Rc5 Bg6 37. Rc3 Re8 38. Kh2 h5 39. Kg3 h4+ 40. Kh2 Kg7 41. Kg1 Kh7 42. Kh1 Kh6 43. Kh2 Rfe6 44. Kg1 Ra8 45. Nxe3 Rf8 46. Kf2 Rf4 47. b5 axb5 48. axb5 Rxd4 49. bxc6 bxc6 50. Rc5 Rd2 51. Ke1 Ra2 52. Nf5+ Bxf5 53. gxf5 Rexe2+ 54. Kd1 Rh2 55. Rxc6+ Kh5 56. Rc8 Rh1# 0-1

[Event "MGL-ch (Women)"]
[Site "Ulaanbaatar"]
[Date "2002.04.11"]
[Round "10"]
[White "Bayarmaa, Gendenjamc"]
[Black "Soyolmaa, Dashdondog"]
[Result "1-0"]
[WhiteElo "2039"]
[BlackElo "2056"]
[PlyCount "58"]
[EventDate "2002.04.01"]
[EventType "tourn"]
[EventRounds "11"]
[EventCountry "MGL"]
[SourceTitle "EXT 2003"]
[Source "ChessBase"]
[SourceDate "2002.11.25"]
[SourceVersion "1"]
[SourceVersionDate "2002.11.25"]
[SourceQuality "1"]

1. e4 e5 2. Nf3 Nc6 3. Bb5 a6 4. Ba4 Nf6 5. d3 d6 6. c3 Bg4 7. h3 Bh5 8. 0-0 Be7 9. Re1 0-0 10. Nbd2 b5 11. Bc2 Re8 12. Nf1 h6 13. Ng3 Bg6 14. Nh2 d5 15. Ng4 dxe4 16. Nxf6+ Bxf6 17. Nxe4 Be7 18. f4 f5 19. Nf2 Bc5 20. fxe5 Bxf2+ 21. Kxf2 Rxe5 22. Bf4 Rxe1 23. Qxe1 Qd7 24. Qd1 Ne7 25. Qf3 c6 26. d4 Nd5 27. Be5 Rf8 28. Kg1 Bf7 29. Bxf5 Qe8 1-0